000 01153nam a22003377a 4500
001 BR8401127
003 BR-BrBNA
005 20230928091902.0
007 ta
008 230509b bl.||||| |||| 00| 0 por d
040 _aBR-BrBNA
_bpor
_cBiblioteca Nacional de Agricultura
041 _a(Por)
072 _aL74; L30
_b6100
_b3575
_b2790
_b8954
_b4390
090 _ 6100 BR8401127
100 1 _aMachado, E.G.
110 1 _aEscola Superior de Agricultura Luiz de Queiroz, Piracicaba, SP (Brasil)
_0Tese (Mestre em Agronomia)
245 1 _aEfeitos da presenca de sementes de fedegoso (Cassia occidentalis L.)como impureza na alimentacao de frangos de corte
246 1 _aEffects of seaside heliotrope seeds (Cassia occidentalis L.)as impurity on broiler feeding
260 3 _aPiracicaba, SP (Brasil):
_c1983.
300 _a115 p.
500 _a11 illus.; 31 tables; 31 ref.; Summaries (Eng, Por)
650 _aFRANGO DE CORTE
650 _aSEMENTE
650 _aFEDEGOSO
650 _aCOMPOSICAO QUIMICA
650 _aTOXIDEZ
650 _aRACAO
650 _aINTOXICACAO ANIMAL
909 _a202309
_bLucia
_c55
_dLucia Elande
942 _cBK
999 _c36043
_d36043